000
00239nam a22000857a 4500
008
160630b xxu||||| |||| 00| 0 eng d
100
_9
1571
_a
Kapur, J.N
245
_a
Suggested in School Mathematics
260
_a
New Delhi
_b
Arya Publication
_c
1989
999
_c
1300
_d
1300